[Event "Women's Baku Chess Olympiad"]
[Site "chess24.com"]
[Date "2016.09.13"]
[Round "11"]
[White "Moncayo Romero, Evelyn"]
[Black "Rogule, Laura"]
[Result "1-0"]
[Board "2"]
[WhiteID "3600424"]
[WhiteElo "2046"]
[WhiteTitle "WIM"]
[WhiteCountry "ECU"]
[WhiteFideId "3600424"]
[WhiteEloChange "16"]
[BlackID "11601876"]
[BlackElo "2306"]
[BlackTitle "WGM"]
[BlackCountry "LAT"]
[BlackFideId "11601876"]
[BlackEloChange "-16"]

1. e4 {[%clk 1:30:53]} c5 {[%clk 1:30:55]} 2. Nf3 {[%clk 1:31:13]} Nc6 {[%clk
1:31:10]} 3. Bb5 {[%clk 1:31:23]} g6 {[%clk 1:31:22]} 4. O-O {[%clk 1:31:34]} Bg7
{[%clk 1:31:43]} 5. c3 {[%clk 1:31:55]} Nf6 {[%clk 1:28:36]} 6. Re1 {[%clk
1:32:00]} O-O {[%clk 1:27:35]} 7. h3 {[%clk 1:31:17]} a6 {[%clk 0:58:07]} 8. Bf1
{[%clk 1:31:00]} b5 {[%clk 0:56:54]} 9. d4 {[%clk 1:25:31]} d6 {[%clk 0:47:08]}
10. a4 {[%clk 1:16:30]} b4 {[%clk 0:43:25]} 11. d5 {[%clk 1:13:15]} Na5 {[%clk
0:41:50]} 12. c4 {[%clk 1:06:13]} Nd7 {[%clk 0:31:21]} 13. Ra2 {[%clk 0:59:56]}
b3 {[%clk 0:30:36]} 14. Ra3 {[%clk 0:53:11]} Rb8 {[%clk 0:23:56]} 15. Bd3 {[%clk
0:50:35]} Nb6 {[%clk 0:21:51]} 16. Qe2 {[%clk 0:45:35]} Bd7 {[%clk 0:21:18]} 17.
Nc3 {[%clk 0:31:07]} Bxc3 {[%clk 0:18:39]} 18. bxc3 {[%clk 0:31:31]} Nbxc4 {[%clk
0:16:14]} 19. Bxc4 {[%clk 0:29:58]} b2 {[%clk 0:16:24]} 20. Ba2 {[%clk 0:26:55]}
bxc1Q {[%clk 0:15:31]} 21. Rxc1 {[%clk 0:27:20]} Qb6 {[%clk 0:12:16]} 22. Rb1
{[%clk 0:22:57]} Qa7 {[%clk 0:12:44]} 23. e5 {[%clk 0:16:51]} c4 {[%clk 0:03:31]}
24. Rb4 {[%clk 0:12:06]} Qc7 {[%clk 0:02:09]} 25. Nd2 {[%clk 0:03:33]} Rfc8
{[%clk 0:00:47]} 26. Bxc4 {[%clk 0:01:19]} Qc5 {[%clk 0:00:44]} 27. Ne4 {[%clk
0:01:10]} Qa7 {[%clk 0:00:39]} 28. Bxa6 {[%clk 0:01:10]} Rd8 {[%clk 0:00:36]} 29.
exd6 {[%clk 0:01:22]} Bf5 {[%clk 0:00:47]} 30. Bd3 {[%clk 0:01:06]} Bxe4 {[%clk
0:00:48]} 31. dxe7 {[%clk 0:01:03]} Qxe7 {[%clk 0:00:43]} 32. Qxe4 {[%clk
0:01:21]} Qd6 {[%clk 0:00:40]} 33. Rxb8 {[%clk 0:01:11]} Qxb8 {[%clk 0:00:51]}
34. Bb5 {[%clk 0:01:12]} Nb7 {[%clk 0:00:41]} 35. c4 {[%clk 0:01:10]} Nd6 {[%clk
0:00:44]} 36. Qe5 {[%clk 0:00:47]} Qb6 {[%clk 0:00:41]} 37. Re3 {[%clk 0:00:37]}
Nf5 {[%clk 0:00:39]} 38. Re1 {[%clk 0:01:00]} Qc5 {[%clk 0:00:45]} 39. a5 {[%clk
0:01:13]} Ra8 {[%clk 0:00:54]} 40. a6 {[%clk 0:30:58]} Ra7 {[%clk 0:31:06]} 41.
Qb8+ {[%clk 0:31:06]} Kg7 {[%clk 0:31:25]} 42. Rd1 {[%clk 0:30:17]} Nd6 {[%clk
0:25:37]} 43. Ra1 {[%clk 0:19:20]} h5 {[%clk 0:23:51]} 44. h4 {[%clk 0:12:14]}
Qd4 {[%clk 0:18:54]} 45. Re1 {[%clk 0:10:42]} Qc5 {[%clk 0:18:54]} 46. g3 {[%clk
0:10:27]} Rc7 {[%clk 0:18:11]} 47. Bc6 {[%clk 0:09:39]} Ra7 {[%clk 0:17:18]} 48.
Bb7 {[%clk 0:08:56]} Qb6 {[%clk 0:16:33]} 49. Re8 {[%clk 0:07:35]} Nxc4 {[%clk
0:03:02]} 50. Rg8+ {[%clk 0:07:24]} Kh7 {[%clk 0:03:11]} 51. Qf8 {[%clk 0:07:14]}
Qf6 {[%clk 0:03:26]} 52. Qc5 {[%clk 0:06:49]} Kxg8 {[%clk 0:00:59]} 53. Qxa7
{[%clk 0:07:12]} Nd2 {[%clk 0:00:51]} 54. Qb8+ {[%clk 0:07:19]} Kg7 {[%clk
0:01:06]} 55. Qf4 {[%clk 0:06:17]} Qa1+ {[%clk 0:00:51]} 56. Kh2 {[%clk 0:04:54]}
Nf1+ {[%clk 0:00:48]} 57. Kg2 {[%clk 0:05:17]} Qd1 {[%clk 0:00:49]} 58. a7 {[%clk
0:05:04]} 1-0

[Event "Women's Baku Chess Olympiad"]
[Site "chess24.com"]
[Date "2016.09.13"]
[Round "11"]
[White "Maslikova, Veronika"]
[Black "Tokhirjonova, Gulrukhbegim"]
[Result "0-1"]
[Board "2"]
[WhiteID "14904888"]
[WhiteElo "2247"]
[WhiteTitle "WIM"]
[WhiteCountry "SVK"]
[WhiteFideId "14904888"]
[WhiteEloChange "-9"]
[BlackID "14203626"]
[BlackElo "2289"]
[BlackTitle "WIM"]
[BlackCountry "UZB"]
[BlackFideId "14203626"]
[BlackEloChange "9"]

1. e4 {[%clk 1:30:54]} e6 {[%clk 1:30:47]} 2. d4 {[%clk 1:31:19]} d5 {[%clk
1:31:06]} 3. Nd2 {[%clk 1:31:39]} c5 {[%clk 1:31:21]} 4. exd5 {[%clk 1:30:57]}
Qxd5 {[%clk 1:31:40]} 5. Ngf3 {[%clk 1:30:22]} cxd4 {[%clk 1:32:00]} 6. Bc4
{[%clk 1:30:41]} Qd7 {[%clk 1:32:19]} 7. O-O {[%clk 1:29:00]} Nc6 {[%clk
1:32:35]} 8. Nb3 {[%clk 1:27:40]} Nf6 {[%clk 1:32:06]} 9. Nbxd4 {[%clk 1:25:36]}
Nxd4 {[%clk 1:32:14]} 10. Nxd4 {[%clk 1:23:14]} a6 {[%clk 1:32:19]} 11. Re1
{[%clk 1:07:08]} b5 {[%clk 1:30:19]} 12. Bb3 {[%clk 0:50:45]} Bb7 {[%clk
1:29:19]} 13. c3 {[%clk 0:48:12]} Be7 {[%clk 1:25:32]} 14. Qe2 {[%clk 0:40:22]}
Nd5 {[%clk 1:16:58]} 15. Qg4 {[%clk 0:30:32]} Bf6 {[%clk 1:06:43]} 16. Nxe6
{[%clk 0:19:19]} fxe6 {[%clk 1:06:30]} 17. Rxe6+ {[%clk 0:19:46]} Be7 {[%clk
0:52:07]} 18. Bg5 {[%clk 0:15:53]} O-O-O {[%clk 0:52:19]} 19. Bxe7 {[%clk
0:14:12]} Rhe8 {[%clk 0:46:31]} 20. Rd1 {[%clk 0:07:17]} Rxe7 {[%clk 0:45:58]}
21. Rxd5 {[%clk 0:06:33]} Rxe6 {[%clk 0:44:42]} 22. Qxe6 {[%clk 0:05:54]} Bxd5
{[%clk 0:44:39]} 23. Bxd5 {[%clk 0:06:20]} Qxe6 {[%clk 0:44:37]} 24. Bxe6+ {[%clk
0:06:49]} Kc7 {[%clk 0:45:00]} 25. f4 {[%clk 0:04:20]} Rd2 {[%clk 0:44:52]} 26.
g4 {[%clk 0:04:05]} Rxb2 {[%clk 0:45:13]} 27. h4 {[%clk 0:03:48]} Kd6 {[%clk
0:45:28]} 28. Bg8 {[%clk 0:03:48]} h6 {[%clk 0:45:53]} 29. g5 {[%clk 0:02:53]}
hxg5 {[%clk 0:44:37]} 30. fxg5 {[%clk 0:02:53]} Ke5 {[%clk 0:45:01]} 31. h5
{[%clk 0:02:34]} Kf5 {[%clk 0:45:18]} 32. h6 {[%clk 0:02:48]} gxh6 {[%clk
0:45:43]} 33. gxh6 {[%clk 0:03:16]} Kg6 {[%clk 0:46:08]} 34. h7 {[%clk 0:03:36]}
Kg7 {[%clk 0:46:35]} 35. Kf1 {[%clk 0:03:43]} Rc2 {[%clk 0:46:42]} 36. Ke1 {[%clk
0:04:08]} Rxc3 {[%clk 0:47:06]} 37. Kd2 {[%clk 0:04:34]} b4 {[%clk 0:47:07]} 38.
Kd1 {[%clk 0:04:34]} a5 {[%clk 0:47:26]} 39. Kd2 {[%clk 0:05:01]} a4 {[%clk
0:47:47]} 40. Kd1 {[%clk 0:35:03]} b3 {[%clk 1:16:38]} 41. axb3 {[%clk 0:35:26]}
axb3 {[%clk 1:17:02]} 42. Kd2 {[%clk 0:35:53]} b2 {[%clk 1:17:24]} 43. Kxc3
{[%clk 0:35:08]} b1Q {[%clk 1:17:52]} 44. Kd4 {[%clk 0:35:10]} Qf5 {[%clk
1:18:14]} 45. Kc4 {[%clk 0:35:20]} Qh5 {[%clk 1:18:37]} 46. Kd4 {[%clk 0:34:58]}
Kf6 {[%clk 1:19:00]} 47. Ke4 {[%clk 0:35:08]} Qe5+ {[%clk 1:18:42]} 48. Kd3
{[%clk 0:35:18]} Ke7 {[%clk 1:19:05]} 49. Kc4 {[%clk 0:35:27]} Kd6 {[%clk
1:19:30]} 50. Kb4 {[%clk 0:35:36]} Kc6 {[%clk 1:19:35]} 51. Kc4 {[%clk 0:35:34]}
Qf4+ {[%clk 1:19:36]} 52. Kd3 {[%clk 0:35:53]} Qh4 {[%clk 1:20:01]} 53. Ke3
{[%clk 0:36:12]} Kc5 {[%clk 1:20:12]} 54. Kd3 {[%clk 0:36:38]} Kb4 {[%clk
1:20:28]} 55. Kc2 {[%clk 0:36:39]} Qd4 {[%clk 1:20:09]} 56. Kb1 {[%clk 0:34:54]}
Qc3 {[%clk 1:16:23]} 57. Ka2 {[%clk 0:34:45]} Qd2+ {[%clk 1:16:41]} 58. Kb1
{[%clk 0:34:40]} Qh2 {[%clk 1:17:02]} 59. Ka1 {[%clk 0:34:49]} Ka3 {[%clk
1:17:12]} 0-1

[Event "Women's Baku Chess Olympiad"]
[Site "chess24.com"]
[Date "2016.09.13"]
[Round "11"]
[White "Motycakova, Monika"]
[Black "Kurbonboeva, Sarvinoz"]
[Result "0-1"]
[Board "4"]
[WhiteID "14909626"]
[WhiteElo "2109"]
[WhiteTitle "WFM"]
[WhiteCountry "SVK"]
[WhiteFideId "14909626"]
[WhiteEloChange "-7"]
[BlackID "14201780"]
[BlackElo "2223"]
[BlackTitle "WIM"]
[BlackCountry "UZB"]
[BlackFideId "14201780"]
[BlackEloChange "7"]

1. e4 {[%clk 1:30:52]} c5 {[%clk 1:30:55]} 2. Nf3 {[%clk 1:31:16]} d6 {[%clk
1:31:21]} 3. d4 {[%clk 1:31:37]} cxd4 {[%clk 1:31:47]} 4. Nxd4 {[%clk 1:32:03]}
Nf6 {[%clk 1:32:13]} 5. Nc3 {[%clk 1:32:13]} g6 {[%clk 1:32:31]} 6. Be3 {[%clk
1:31:33]} Bg7 {[%clk 1:32:51]} 7. f3 {[%clk 1:31:34]} Nc6 {[%clk 1:33:06]} 8. Qd2
{[%clk 1:31:32]} O-O {[%clk 1:33:22]} 9. O-O-O {[%clk 1:31:40]} d5 {[%clk
1:32:52]} 10. Kb1 {[%clk 1:31:46]} Nxd4 {[%clk 1:32:38]} 11. e5 {[%clk 1:31:31]}
Nf5 {[%clk 1:32:15]} 12. exf6 {[%clk 1:31:30]} exf6 {[%clk 1:32:30]} 13. Nxd5
{[%clk 1:31:05]} Nxe3 {[%clk 1:32:20]} 14. Qxe3 {[%clk 1:31:11]} Be6 {[%clk
1:32:36]} 15. Bc4 {[%clk 1:30:46]} f5 {[%clk 1:32:47]} 16. c3 {[%clk 1:30:22]}
Re8 {[%clk 1:11:29]} 17. Rhe1 {[%clk 1:05:41]} Qa5 {[%clk 1:08:11]} 18. Bb3
{[%clk 0:56:41]} Rad8 {[%clk 0:56:05]} 19. Nf4 {[%clk 0:38:26]} Rxd1+ {[%clk
0:47:43]} 20. Rxd1 {[%clk 0:38:47]} Bh6 {[%clk 0:36:20]} 21. Qd4 {[%clk 0:29:31]}
Bxb3 {[%clk 0:34:55]} 22. axb3 {[%clk 0:29:44]} Qe5 {[%clk 0:24:25]} 23. Qxe5
{[%clk 0:17:47]} Rxe5 {[%clk 0:24:54]} 24. Rd8+ {[%clk 0:15:43]} Kg7 {[%clk
0:25:06]} 25. Nd5 {[%clk 0:12:37]} Re1+ {[%clk 0:13:37]} 26. Ka2 {[%clk 0:12:49]}
Re2 {[%clk 0:08:41]} 27. Rd7 {[%clk 0:11:12]} Rxg2 {[%clk 0:07:59]} 28. Rxb7
{[%clk 0:06:58]} Rxh2 {[%clk 0:08:20]} 29. f4 {[%clk 0:05:15]} g5 {[%clk
0:06:35]} 30. fxg5 {[%clk 0:03:51]} Bxg5 {[%clk 0:07:04]} 31. c4 {[%clk 0:03:19]}
f4 {[%clk 0:06:46]} 32. c5 {[%clk 0:02:26]} f3 {[%clk 0:06:44]} 33. c6 {[%clk
0:02:19]} f2 {[%clk 0:03:53]} 34. Rxf7+ {[%clk 0:00:50]} Kxf7 {[%clk 0:04:15]}
35. c7 {[%clk 0:01:17]} f1Q {[%clk 0:04:29]} 36. c8Q {[%clk 0:01:41]} Re2 {[%clk
0:02:03]} 37. Qh8 {[%clk 0:01:03]} Qf5 {[%clk 0:02:00]} 38. Qa8 {[%clk 0:00:51]}
Qd7 {[%clk 0:01:42]} 39. Nc3 {[%clk 0:01:06]} Re5 {[%clk 0:01:20]} 40. Qf3+
{[%clk 0:31:16]} Kg6 {[%clk 0:31:07]} 41. Qf8 {[%clk 0:28:00]} Ra5+ {[%clk
0:30:54]} 42. Na4 {[%clk 0:28:25]} Rxa4+ {[%clk 0:30:36]} 43. bxa4 {[%clk
0:28:50]} Qf7+ {[%clk 0:31:03]} 0-1

[Event "Women's Baku Chess Olympiad"]
[Site "chess24.com"]
[Date "2016.09.13"]
[Round "11"]
[White "Cramling, Pia"]
[Black "Worek, Joanna"]
[Result "1-0"]
[Board "1"]
[WhiteID "1700030"]
[WhiteElo "2444"]
[WhiteTitle "GM"]
[WhiteCountry "SWE"]
[WhiteFideId "1700030"]
[WhiteEloChange "4"]
[BlackID "1118080"]
[BlackElo "2360"]
[BlackTitle "WGM"]
[BlackCountry "CZE"]
[BlackFideId "1118080"]
[BlackEloChange "-8"]

1. Nf3 {[%clk 1:30:54]} Nf6 {[%clk 1:30:41]} 2. c4 {[%clk 1:31:13]} e6 {[%clk
1:30:58]} 3. g3 {[%clk 1:31:08]} c5 {[%clk 1:30:43]} 4. Bg2 {[%clk 1:31:15]} Be7
{[%clk 1:30:45]} 5. O-O {[%clk 1:30:36]} O-O {[%clk 1:30:32]} 6. Nc3 {[%clk
1:24:41]} Nc6 {[%clk 1:28:18]} 7. d4 {[%clk 1:24:13]} cxd4 {[%clk 1:27:24]} 8.
Nxd4 {[%clk 1:24:33]} d5 {[%clk 1:27:30]} 9. cxd5 {[%clk 1:16:15]} Nxd5 {[%clk
1:26:52]} 10. Nxd5 {[%clk 1:05:07]} exd5 {[%clk 1:27:08]} 11. Be3 {[%clk
1:04:14]} Bf6 {[%clk 1:19:44]} 12. Rc1 {[%clk 1:00:47]} Nxd4 {[%clk 1:11:48]} 13.
Bxd4 {[%clk 1:01:07]} Be6 {[%clk 1:12:07]} 14. e3 {[%clk 0:52:27]} Bxd4 {[%clk
1:02:33]} 15. Qxd4 {[%clk 0:52:51]} Qb6 {[%clk 1:02:53]} 16. Rfd1 {[%clk
0:41:04]} Rfd8 {[%clk 0:56:46]} 17. Rc5 {[%clk 0:40:40]} g6 {[%clk 0:55:27]} 18.
h4 {[%clk 0:39:15]} h5 {[%clk 0:53:34]} 19. b3 {[%clk 0:32:14]} Rd6 {[%clk
0:40:37]} 20. b4 {[%clk 0:25:44]} Rad8 {[%clk 0:39:50]} 21. a4 {[%clk 0:26:00]}
R6d7 {[%clk 0:37:33]} 22. Qc3 {[%clk 0:22:45]} Qa6 {[%clk 0:34:16]} 23. a5 {[%clk
0:20:07]} Qe2 {[%clk 0:23:19]} 24. Rd4 {[%clk 0:20:05]} Qa2 {[%clk 0:18:17]} 25.
Rd2 {[%clk 0:17:58]} Qb1+ {[%clk 0:18:41]} 26. Kh2 {[%clk 0:18:20]} b6 {[%clk
0:14:40]} 27. axb6 {[%clk 0:15:57]} axb6 {[%clk 0:15:09]} 28. Rc6 {[%clk
0:16:15]} Ra7 {[%clk 0:15:08]} 29. Qb2 {[%clk 0:11:52]} Qxb2 {[%clk 0:10:35]} 30.
Rxb2 {[%clk 0:12:20]} b5 {[%clk 0:10:17]} 31. Rb6 {[%clk 0:11:25]} d4 {[%clk
0:10:35]} 32. exd4 {[%clk 0:11:39]} Bc4 {[%clk 0:08:32]} 33. Bc6 {[%clk 0:09:11]}
Rxd4 {[%clk 0:06:09]} 34. Bxb5 {[%clk 0:09:32]} Ra2 {[%clk 0:06:27]} 35. Rxa2
{[%clk 0:09:35]} Bxa2 {[%clk 0:06:56]} 36. Bc6 {[%clk 0:09:34]} Kg7 {[%clk
0:07:05]} 37. b5 {[%clk 0:07:36]} Bd5 {[%clk 0:07:06]} 38. Bxd5 {[%clk 0:06:32]}
Rxd5 {[%clk 0:07:34]} 39. Kg2 {[%clk 0:06:50]} Rd3 {[%clk 0:08:00]} 40. Kf1
{[%clk 0:32:13]} Rd2 {[%clk 0:38:25]} 41. Ke1 {[%clk 0:27:36]} Rb2 {[%clk
0:38:51]} 42. Rb7 {[%clk 0:27:04]} Kf6 {[%clk 0:38:21]} 43. b6 {[%clk 0:23:40]}
Ke6 {[%clk 0:32:01]} 44. f3 {[%clk 0:22:38]} f6 {[%clk 0:29:48]} 45. Kd1 {[%clk
0:20:01]} Rf2 {[%clk 0:23:44]} 46. Rc7 {[%clk 0:16:25]} Rb2 {[%clk 0:15:02]} 47.
b7 {[%clk 0:15:19]} g5 {[%clk 0:13:33]} 48. Kc1 {[%clk 0:12:24]} Rb4 {[%clk
0:11:05]} 49. Kd2 {[%clk 0:09:06]} gxh4 {[%clk 0:10:51]} 50. gxh4 {[%clk
0:09:32]} Ke5 {[%clk 0:09:39]} 51. Re7+ {[%clk 0:05:05]} Kf5 {[%clk 0:08:12]} 52.
Kd3 {[%clk 0:04:54]} Rb1 {[%clk 0:08:03]} 53. Kc3 {[%clk 0:05:06]} Rb6 {[%clk
0:03:10]} 54. Kc4 {[%clk 0:05:13]} Rb1 {[%clk 0:03:39]} 55. Kc5 {[%clk 0:05:24]}
Rb2 {[%clk 0:03:26]} 56. Kc6 {[%clk 0:05:35]} Kf4 {[%clk 0:03:30]} 57. Rh7 {[%clk
0:05:48]} Rc2+ {[%clk 0:02:46]} 58. Kd7 {[%clk 0:06:00]} Rb2 {[%clk 0:03:15]} 59.
Kc8 {[%clk 0:05:54]} Kxf3 {[%clk 0:03:38]} 60. Rxh5 {[%clk 0:06:05]} Kg4 {[%clk
0:03:41]} 61. Rh7 {[%clk 0:06:10]} f5 {[%clk 0:03:29]} 62. b8Q {[%clk 0:06:28]}
1-0

[Event "Women's Baku Chess Olympiad"]
[Site "chess24.com"]
[Date "2016.09.13"]
[Round "11"]
[White "Molina, Jessica"]
[Black "Sivarajasingam, Venetia"]
[Result "0-1"]
[Board "4"]
[WhiteID "3303888"]
[WhiteElo "1883"]
[WhiteCountry "BOL"]
[WhiteFideId "3303888"]
[WhiteEloChange "-16"]
[BlackID "1802895"]
[BlackElo "1631"]
[BlackCountry "WLS"]
[BlackFideId "1802895"]
[BlackEloChange "16"]

1. f4 {[%clk 1:30:48]} d5 {[%clk 1:30:43]} 2. Nf3 {[%clk 1:31:13]} g6 {[%clk
1:31:08]} 3. e3 {[%clk 1:30:08]} Bg7 {[%clk 1:30:58]} 4. d4 {[%clk 1:30:24]} c5
{[%clk 1:31:11]} 5. c3 {[%clk 1:30:38]} Nd7 {[%clk 1:31:37]} 6. Bd3 {[%clk
1:30:48]} Nh6 {[%clk 1:31:37]} 7. Bd2 {[%clk 1:26:29]} Qc7 {[%clk 1:31:35]} 8.
Na3 {[%clk 1:23:57]} a6 {[%clk 1:31:14]} 9. Rc1 {[%clk 1:19:54]} c4 {[%clk
1:25:11]} 10. Be2 {[%clk 1:19:03]} Nf6 {[%clk 1:24:55]} 11. Ne5 {[%clk 1:18:34]}
Nf5 {[%clk 1:22:22]} 12. Qa4+ {[%clk 1:06:13]} Bd7 {[%clk 1:18:39]} 13. Nxd7
{[%clk 1:06:18]} Nxd7 {[%clk 1:18:42]} 14. b3 {[%clk 1:05:32]} cxb3 {[%clk
1:10:33]} 15. Qxb3 {[%clk 1:05:13]} e6 {[%clk 1:08:51]} 16. c4 {[%clk 1:04:35]}
dxc4 {[%clk 1:02:14]} 17. Nxc4 {[%clk 1:03:31]} Qd8 {[%clk 1:01:22]} 18. O-O
{[%clk 1:01:41]} b5 {[%clk 1:00:44]} 19. Na5 {[%clk 0:59:48]} h5 {[%clk 0:59:11]}
20. Bf3 {[%clk 0:59:36]} Nh4 {[%clk 0:40:24]} 21. Bxa8 {[%clk 0:54:44]} Qxa8
{[%clk 0:40:42]} 22. Nc6 {[%clk 0:54:40]} Nb8 {[%clk 0:37:04]} 23. g3 {[%clk
0:52:15]} Nxc6 {[%clk 0:35:58]} 24. gxh4 {[%clk 0:52:30]} Ne7 {[%clk 0:36:02]}
25. Qd3 {[%clk 0:50:52]} Nf5 {[%clk 0:35:28]} 26. Be1 {[%clk 0:49:21]} Bf6 {[%clk
0:34:20]} 27. Qe2 {[%clk 0:45:43]} O-O {[%clk 0:33:15]} 28. Qf3 {[%clk 0:45:06]}
Qd8 {[%clk 0:32:41]} 29. Rc5 {[%clk 0:40:13]} Nxe3 {[%clk 0:30:17]} 30. Rc8
{[%clk 0:08:36]} Qxc8 {[%clk 0:29:56]} 31. Qxe3 {[%clk 0:09:02]} Qc4 {[%clk
0:29:51]} 32. Bf2 {[%clk 0:08:31]} Qxa2 {[%clk 0:29:02]} 33. Rc1 {[%clk 0:07:46]}
b4 {[%clk 0:29:05]} 34. Be1 {[%clk 0:04:34]} b3 {[%clk 0:28:50]} 35. d5 {[%clk
0:02:28]} b2 {[%clk 0:28:13]} 36. dxe6 {[%clk 0:01:53]} bxc1Q {[%clk 0:28:01]}
37. exf7+ {[%clk 0:02:05]} Qxf7 {[%clk 0:28:04]} 0-1

[Event "Women's Baku Chess Olympiad"]
[Site "chess24.com"]
[Date "2016.09.13"]
[Round "11"]
[White "O`Gorman, Alice"]
[Black "Nasriddinzoda, Marvorii"]
[Result "0-1"]
[Board "2"]
[WhiteID "2508214"]
[WhiteElo "1781"]
[WhiteCountry "IRL"]
[WhiteFideId "2508214"]
[WhiteEloChange "-3"]
[BlackID "14700395"]
[BlackElo "2073"]
[BlackCountry "TJK"]
[BlackFideId "14700395"]
[BlackEloChange "3"]

1. e4 {[%clk 1:30:59]} d6 {[%clk 1:30:49]} 2. d4 {[%clk 1:31:23]} Nf6 {[%clk
1:31:04]} 3. Nc3 {[%clk 1:31:46]} e5 {[%clk 1:30:50]} 4. dxe5 {[%clk 1:32:10]}
dxe5 {[%clk 1:31:17]} 5. Qxd8+ {[%clk 1:32:29]} Kxd8 {[%clk 1:31:41]} 6. Nf3
{[%clk 1:32:41]} Bd6 {[%clk 1:30:02]} 7. Bg5 {[%clk 1:31:45]} c6 {[%clk 1:26:10]}
8. O-O-O {[%clk 1:30:44]} Ke7 {[%clk 1:25:38]} 9. Bc4 {[%clk 1:29:46]} Bc7 {[%clk
1:24:41]} 10. Rd2 {[%clk 1:26:27]} Be6 {[%clk 1:14:26]} 11. Bxe6 {[%clk 1:25:22]}
Kxe6 {[%clk 1:14:43]} 12. Rhd1 {[%clk 1:23:32]} Nbd7 {[%clk 1:09:02]} 13. Bxf6
{[%clk 1:18:19]} Nxf6 {[%clk 1:07:21]} 14. h3 {[%clk 1:15:55]} b5 {[%clk
1:02:16]} 15. Re2 {[%clk 1:09:48]} Rhd8 {[%clk 1:01:53]} 16. g4 {[%clk 1:02:56]}
h6 {[%clk 1:01:00]} 17. Nd2 {[%clk 1:01:18]} a5 {[%clk 0:57:27]} 18. a4 {[%clk
0:56:00]} b4 {[%clk 0:50:47]} 19. Ncb1 {[%clk 0:55:33]} Nd7 {[%clk 0:46:27]} 20.
Nb3 {[%clk 0:50:39]} Bd6 {[%clk 0:38:23]} 21. Red2 {[%clk 0:46:11]} Be7 {[%clk
0:38:43]} 22. Rd3 {[%clk 0:46:08]} Bg5+ {[%clk 0:34:29]} 23. N1d2 {[%clk
0:46:10]} Nb6 {[%clk 0:27:10]} 24. Rxd8 {[%clk 0:44:13]} Rxd8 {[%clk 0:23:15]}
25. Nxa5 {[%clk 0:39:50]} Ra8 {[%clk 0:23:33]} 26. Nb3 {[%clk 0:37:43]} Nxa4
{[%clk 0:23:34]} 27. Kb1 {[%clk 0:36:17]} Rd8 {[%clk 0:23:51]} 28. Ka1 {[%clk
0:29:38]} c5 {[%clk 0:22:40]} 29. c4 {[%clk 0:28:02]} bxc3 {[%clk 0:23:00]} 30.
bxc3 {[%clk 0:28:17]} c4 {[%clk 0:22:31]} 31. h4 {[%clk 0:24:51]} Bf4 {[%clk
0:22:42]} 32. Rb1 {[%clk 0:23:47]} cxb3 {[%clk 0:22:48]} 33. Nxb3 {[%clk
0:24:05]} Ra8 {[%clk 0:22:14]} 34. Re1 {[%clk 0:24:09]} Nc5+ {[%clk 0:22:30]} 35.
Kb2 {[%clk 0:24:12]} Rb8 {[%clk 0:22:54]} 0-1

[Event "Women's Baku Chess Olympiad"]
[Site "chess24.com"]
[Date "2016.09.13"]
[Round "11"]
[White "Shih, Ching-An"]
[Black "Puuska, Heini"]
[Result "0-1"]
[Board "2"]
[WhiteID "16300653"]
[WhiteElo "1460"]
[WhiteTitle "WCM"]
[WhiteCountry "TPE"]
[WhiteFideId "16300653"]
[WhiteEloChange "-2"]
[BlackID "502324"]
[BlackElo "1926"]
[BlackTitle "WFM"]
[BlackCountry "FIN"]
[BlackFideId "502324"]
[BlackEloChange "2"]

1. Nf3 {[%clk 1:30:55]} Nf6 {[%clk 1:30:54]} 2. g3 {[%clk 1:31:16]} d5 {[%clk
1:31:17]} 3. Bg2 {[%clk 1:31:27]} c6 {[%clk 1:31:26]} 4. d4 {[%clk 1:31:43]} Bf5
{[%clk 1:29:56]} 5. Nbd2 {[%clk 1:31:47]} h6 {[%clk 1:29:15]} 6. c3 {[%clk
1:30:35]} e6 {[%clk 1:28:44]} 7. Ne5 {[%clk 1:27:54]} Nbd7 {[%clk 1:27:40]} 8.
Ndf3 {[%clk 1:28:07]} Be7 {[%clk 1:24:29]} 9. O-O {[%clk 1:27:12]} O-O {[%clk
1:24:08]} 10. Bf4 {[%clk 1:26:28]} Nb6 {[%clk 1:19:24]} 11. b3 {[%clk 1:26:06]}
Ne4 {[%clk 1:17:09]} 12. Qc1 {[%clk 1:24:31]} Rc8 {[%clk 1:11:30]} 13. Nd2 {[%clk
1:23:25]} c5 {[%clk 1:09:50]} 14. Nxe4 {[%clk 1:23:33]} dxe4 {[%clk 1:08:27]} 15.
f3 {[%clk 1:21:40]} cxd4 {[%clk 1:06:25]} 16. fxe4 {[%clk 1:21:51]} Rxc3 {[%clk
1:00:33]} 17. Qd2 {[%clk 1:20:58]} Bh7 {[%clk 0:59:13]} 18. Ng4 {[%clk 1:14:43]}
h5 {[%clk 0:54:56]} 19. Nf2 {[%clk 1:14:19]} f6 {[%clk 0:38:40]} 20. Nd3 {[%clk
1:12:26]} e5 {[%clk 0:36:25]} 21. Be3 {[%clk 1:12:52]} Nc8 {[%clk 0:30:40]} 22.
Bf2 {[%clk 1:12:50]} Nd6 {[%clk 0:30:42]} 23. Bxd4 {[%clk 1:05:27]} exd4 {[%clk
0:30:20]} 24. Nf4 {[%clk 1:05:46]} Nxe4 {[%clk 0:23:06]} 25. Bxe4 {[%clk
1:05:52]} Bxe4 {[%clk 0:23:21]} 26. Ne6 {[%clk 1:06:17]} Qd7 {[%clk 0:20:57]} 27.
Nxf8 {[%clk 1:05:18]} Bxf8 {[%clk 0:21:06]} 28. Rf4 {[%clk 1:05:09]} Bc6 {[%clk
0:19:38]} 29. Rd1 {[%clk 1:02:56]} Qh3 {[%clk 0:17:13]} 30. e3 {[%clk 1:02:18]}
dxe3 {[%clk 0:15:33]} 31. Qe2 {[%clk 1:00:57]} Qe6 {[%clk 0:14:25]} 32. Rfd4
{[%clk 0:57:56]} Qf5 {[%clk 0:11:39]} 33. Rf4 {[%clk 0:51:55]} Qc2 {[%clk
0:09:29]} 34. Qxc2 {[%clk 0:48:28]} Rxc2 {[%clk 0:09:49]} 35. a4 {[%clk 0:47:56]}
Rg2+ {[%clk 0:09:06]} 36. Kf1 {[%clk 0:48:09]} e2+ {[%clk 0:09:16]} 37. Ke1
{[%clk 0:48:28]} exd1Q+ {[%clk 0:09:28]} 38. Kxd1 {[%clk 0:48:51]} Rxh2 {[%clk
0:09:41]} 39. Rd4 {[%clk 0:48:41]} Rg2 {[%clk 0:09:28]} 40. Rd3 {[%clk 1:18:55]}
Kf7 {[%clk 0:39:13]} 41. Ke1 {[%clk 1:18:52]} Kg6 {[%clk 0:39:09]} 42. Kf1 {[%clk
1:19:09]} Rb2 {[%clk 0:38:47]} 43. Ke1 {[%clk 1:19:33]} Kf5 {[%clk 0:38:43]} 44.
Kd1 {[%clk 1:19:51]} g5 {[%clk 0:38:48]} 45. Kc1 {[%clk 1:20:14]} Rg2 {[%clk
0:39:13]} 46. Kd1 {[%clk 1:20:38]} Kg4 {[%clk 0:39:07]} 47. a5 {[%clk 1:20:31]}
a6 {[%clk 0:39:15]} 48. Kc1 {[%clk 1:20:53]} Rxg3 {[%clk 0:39:26]} 49. Rd4+
{[%clk 1:21:17]} Kh3 {[%clk 0:39:36]} 50. Kc2 {[%clk 1:21:35]} f5 {[%clk
0:39:38]} 51. Kb2 {[%clk 1:21:54]} Bg7 {[%clk 0:39:50]} 52. Ka3 {[%clk 1:22:10]}
Bxd4 {[%clk 0:40:07]} 53. Ka2 {[%clk 1:22:33]} f4 {[%clk 0:40:15]} 54. Ka3 {[%clk
1:22:56]} f3 {[%clk 0:40:31]} 55. Kb4 {[%clk 1:23:21]} f2 {[%clk 0:40:06]} 56.
Kc4 {[%clk 1:23:45]} f1Q+ {[%clk 0:40:01]} 57. Kxd4 {[%clk 1:24:11]} Qd3+ {[%clk
0:39:38]} 58. Kc5 {[%clk 1:24:25]} Qf5+ {[%clk 0:38:56]} 59. Kb6 {[%clk 1:24:34]}
Rxb3+ {[%clk 0:38:29]} 60. Ka7 {[%clk 1:24:54]} Qf2+ {[%clk 0:38:35]} 61. Kb8
{[%clk 1:25:15]} Re3 {[%clk 0:36:44]} 62. Kc7 {[%clk 1:25:27]} Re7+ {[%clk
0:36:41]} 63. Kd6 {[%clk 1:25:04]} Rd7+ {[%clk 0:36:39]} 64. Ke5 {[%clk 1:25:24]}
Qf4+ {[%clk 0:36:51]} 65. Ke6 {[%clk 1:25:45]} Qe4+ {[%clk 0:36:46]} 66. Kf6
{[%clk 1:26:07]} Qe7+ {[%clk 0:36:10]} 67. Kg6 {[%clk 1:26:24]} Be4+ {[%clk
0:35:55]} 68. Kh6 {[%clk 1:26:32]} Qf6+ {[%clk 0:35:57]} 69. Kxh5 {[%clk
1:26:57]} Rh7# {[%clk 0:36:19]} 0-1